| 000 | 00475cam a2200169 a 4500 | ||
|---|---|---|---|
| 001 | 000018466 | ||
| 005 | 20200929165818.0 | ||
| 008 | 961002s1997 xxu 000 1 eng | ||
| 020 | _a0345402871 | ||
| 040 |
_aDO-SdBNP _bspa _cBNPHU |
||
| 082 |
_axxx _bC928a |
||
| 100 | 1 |
_aCrichton, Michael, _d1942-2008. _911554 |
|
| 245 | 1 | 0 |
_aAirframe / _cMichael Crichton. |
| 260 |
_aNew York : _bBallantine Books, _c1997. |
||
| 300 |
_a351 p. ; _c18 cm. |
||
| 590 | _aInventariado, 2019/ YL | ||
| 999 |
_c17986 _d17986 |
||